Sports Quiz

Random Sports or NFL Quiz

NFL Single-Game Rookie Yardage Leaders Quiz Stats

 Plays Quiz not verified by Sporcle

Score 0/20 Timer 10:00
0 Plays Today
Record Player % Correct
432 Passing Yds, 2011Cam Newton
92%
422 Passing Yds, 2011Cam Newton
92%
374 Passing Yds, 2011Cam Newton
92%
433 Passing Yds, 2012Andrew Luck
89.7%
296 Rushing Yds, 2007Adrian Peterson
77%
224 Rushing Yds, 2007Adrian Peterson
77%
431 Passing Yds, 2012Ryan Tannehill
65.5%
251 Rushing Yds, 2012Doug Martin
54.3%
422 Passing Yds, 2009Matthew Stafford
52.9%
381 Passing Yds, 2011Christian Ponder
35.6%
Record Player % Correct
253 Rushing Yds, 2011DeMarco Murray
29.9%
212 Rushing Yds, 1993Jerome Bettis
29.9%
379 Passing Yds, 1989Troy Aikman
28.7%
246 Rushing Yds, 1997Corey Dillon
28.7%
251 Rushing Yds, 2000Mike Anderson
27.6%
228 Rushing Yds, 2002Clinton Portis
27.6%
207 Rushing Yds, 1983Curt Warner
26.4%
405 Passing Yds, 2006Matt Leinart
19.5%
388 Passing Yds, 1997Jake Plummer
11.5%
208 Rushing Yds, 1978Terry Miller
2.3%

You're not logged in!

Compare scores with friends on all Sporcle quizzes.
OR
Log In

Show Comments

Extras

Top Quizzes Today


Score Distribution

Your Account Isn't Verified!

In order to create a playlist on Sporcle, you need to verify the email address you used during registration. Go to your Sporcle Settings to finish the process.

Report this User

Report this user for behavior that violates our Community Guidelines.

Details: